[Event "XXIII Festival A"]
[Site "Arco ITA"]
[Date "2001.10.25"]
[Round "6"]
[White "Ager, Josef"]
[Black "Poropat, Marijan"]
[Result "0-1"]
[WhiteElo "2239"]
[BlackElo "2108"]
[PlyCount "46"]
[EventDate "2001.10.20"]

1.d4 Nf6 2.Nf3 g6 3.c4 c5 4.d5 b5 5.Nbd2 Qa5 6.Qc2 d6 7.e4 Bg7 8.cxb5 a6 
9.bxa6 O-O 10.Bc4 Nbd7 11.O-O Ng4 12.Bd3 Bxa6 13.Bxa6 Qxa6 14.Nc4 Nb6 15.
Nxb6 Qxb6 16.Nd2 Qb5 17.a3 f5 18.Nc4 f4 19.Bd2 f3 20.Rab1 Bd4 21.Be3 fxg2 
22.Kxg2 Bxe3 23.Nxe3 Rxf2+ 0-1

[Event "XXIII Festival A"]
[Site "Arco ITA"]
[Date "2001.10.25"]
[Round "6"]
[White "De Santis, Alessio"]
[Black "Linde, Wolfgang"]
[Result "1/2-1/2"]
[WhiteElo "2345"]
[BlackElo "2124"]
[PlyCount "63"]
[EventDate "2001.10.20"]

1.d4 d5 2.c4 c6 3.Nc3 Nf6 4.g3 dxc4 5.Nf3 Nd5 6.Bg2 e6 7.O-O b5 8.a4 Nxc3 
9.bxc3 Bb7 10.Qc2 Be7 11.Rd1 a6 12.e4 O-O 13.h4 Nd7 14.Qe2 c5 15.Rb1 Qa5 
16.axb5 axb5 17.dxc5 Nxc5 18.Nd4 Nd3 19.Rxb5 Qc7 20.Bg5 Bxg5 21.hxg5 Ra5 
22.Rdb1 Rxb5 23.Nxb5 Qc5 24.Nd4 Ba8 25.Qa2 Qxg5 26.Qxc4 Qd2 27.Rf1 h6 28.
Nb3 Qc2 29.Nd4 Qd2 30.Nf3 Qc2 31.Nd4 Qd2 32.Nf3 1/2-1/2

[Event "XXIII Festival A"]
[Site "Arco ITA"]
[Date "2001.10.25"]
[Round "6"]
[White "Dervishi, Erald"]
[Black "Drasko, Milan"]
[Result "1-0"]
[WhiteElo "2501"]
[BlackElo "2508"]
[PlyCount "73"]
[EventDate "2001.10.20"]

1.e4 e6 2.d4 d5 3.Nd2 Be7 4.Bd3 c5 5.dxc5 Nf6 6.Qe2 Nc6 7.Ngf3 a5 8.O-O a4
9.c4 d4 10.e5 Nd7 11.Ne4 Ndxe5 12.Nxe5 Nxe5 13.Bf4 Nxd3 14.Qxd3 O-O 15.Nd6
Qa5 16.Qxd4 Bf6 17.Be5 Bxe5 18.Qxe5 b6 19.b4 Qxb4 20.cxb6 Qxb6 21.Rab1 Qc6
22.c5 Qd5 23.Qxd5 exd5 24.Rfd1 Be6 25.a3 Rfb8 26.c6 Rxb1 27.Rxb1 Kf8 28.c7
Ke7 29.Rb8 Ra5 30.Nb5 d4 31.Kf1 d3 32.Ke1 Ra6 33.Nd4 Bd7 34.c8=Q Bxc8 35.
Rxc8 Rb6 36.Rb8 Rg6 37.g3 1-0

[Event "XXIII Festival A"]
[Site "Arco ITA"]
[Date "2001.10.25"]
[Round "6"]
[White "Diotallevi, Maurizio"]
[Black "Goldinger, Peter"]
[Result "1/2-1/2"]
[WhiteElo "2107"]
[BlackElo "2230"]
[PlyCount "34"]
[EventDate "2001.10.20"]

1.d4 Nf6 2.Bg5 Ne4 3.Bf4 c5 4.f3 Nf6 5.dxc5 Nc6 6.e4 e5 7.Be3 d5 8.cxd6 
Bxd6 9.Bc4 O-O 10.Ne2 Qc7 11.Nd2 Na5 12.Bd3 Be6 13.O-O b5 14.b3 Bc5 15.
Bxc5 Qxc5+ 16.Kh1 Rfd8 17.Qe1 Nc4 1/2-1/2

[Event "XXIII Festival A"]
[Site "Arco ITA"]
[Date "2001.10.25"]
[Round "6"]
[White "Fercec, Nenad"]
[Black "Sulava, Nenad"]
[Result "1/2-1/2"]
[WhiteElo "2458"]
[BlackElo "2553"]
[PlyCount "51"]
[EventDate "2001.10.20"]

1.e4 c5 2.Nf3 e6 3.Nc3 a6 4.d4 cxd4 5.Nxd4 b5 6.Bd3 Bc5 7.Be3 Qb6 8.Be2 
Nc6 9.Nxc6 dxc6 10.Bxc5 Qxc5 11.Qd3 Nf6 12.f4 e5 13.f5 O-O 14.O-O-O a5 15.
Bf3 a4 16.Qd6 Qe3+ 17.Kb1 Qb6 18.Nd5 Nxd5 19.exd5 Bxf5 20.Qxe5 Bg6 21.dxc6
b4 22.Qd4 Qb5 23.Qd5 Qb6 24.Qd4 Qb5 25.Qd5 Qb6 26.Qd4 1/2-1/2

[Event "XXIII Festival A"]
[Site "Arco ITA"]
[Date "2001.10.25"]
[Round "6"]
[White "Friedrich, Norbert"]
[Black "Isonzo, David"]
[Result "1/2-1/2"]
[WhiteElo "2277"]
[BlackElo "2343"]
[PlyCount "36"]
[EventDate "2001.10.20"]

1.e4 c5 2.Nc3 d6 3.Nf3 Nf6 4.d4 cxd4 5.Nxd4 a6 6.a4 e5 7.Nf3 Qc7 8.Bg5 
Nbd7 9.Nd2 h6 10.Bh4 g5 11.Bg3 Nc5 12.Bc4 Ncxe4 13.Ncxe4 Nxe4 14.Nxe4 Qxc4
15.Nxd6+ Bxd6 16.Qxd6 Be6 17.Qxe5 O-O 18.b3 Qxc2 1/2-1/2

[Event "XXIII Festival A"]
[Site "Arco ITA"]
[Date "2001.10.25"]
[Round "6"]
[White "Lovati, Paolo"]
[Black "Kemeny, Matthias"]
[Result "1-0"]
[WhiteElo "2052"]
[BlackElo "2098"]
[PlyCount "77"]
[EventDate "2001.10.20"]

1.c4 Nf6 2.g3 g6 3.Bg2 c6 4.Nf3 Bg7 5.O-O O-O 6.Nc3 d6 7.d3 a5 8.h3 h6 9.
Be3 Na6 10.a3 Rb8 11.Qc1 Kh7 12.Nd2 e5 13.d4 Nh5 14.dxe5 dxe5 15.Na4 b5 
16.Nc5 f5 17.Nxa6 Bxa6 18.Bc5 Rf7 19.b4 bxc4 20.Nxc4 e4 21.Nxa5 Bxe2 22.
Re1 Qd3 23.Ra2 Bf3 24.Re3 Qd1+ 25.Qxd1 Bxd1 26.Nxc6 Rc8 27.Rd2 Ba4 28.Na5 
Bb5 29.Rb3 f4 30.gxf4 Bd3 31.f3 Nxf4 32.fxe4 Ne2+ 33.Rxe2 Bxe2 34.Rb1 Rd8 
35.Nc6 Rd3 36.Re1 Bh5 37.e5 Bf8 38.e6 Bxc5+ 39.bxc5 1-0

[Event "XXIII Festival A"]
[Site "Arco ITA"]
[Date "2001.10.25"]
[Round "6"]
[White "Naumkin, Igor"]
[Black "Belotti, Bruno"]
[Result "1/2-1/2"]
[WhiteElo "2414"]
[BlackElo "2403"]
[PlyCount "158"]
[EventDate "2001.10.20"]

1.d4 Nf6 2.Nf3 g6 3.c4 Bg7 4.Nc3 O-O 5.e4 d6 6.Be2 e5 7.d5 a5 8.Bg5 h6 9.
Bh4 Na6 10.O-O Bd7 11.Nd2 Nc5 12.Qc2 Qb8 13.b3 Nh7 14.a3 g5 15.Bg3 f5 16.
f3 g4 17.Bf2 gxf3 18.Bxf3 Ng5 19.Bxc5 dxc5 20.exf5 e4 21.Bxe4 Nxe4 22.
Ndxe4 Bxf5 23.Rae1 Bd4+ 24.Kh1 Bxc3 25.Qxc3 Bxe4 26.Rf4 Rxf4 27.Qg3+ Kh8 
28.Qxf4 Bh7 29.Qf6+ Kg8 30.Re3 Qf8 31.Rg3+ Bg6 32.Rxg6+ Kh7 33.h3 Qxf6 34.
Rxf6 a4 35.Rf7+ Kg6 36.Rxc7 axb3 37.Rxc5 Rc8 38.Rb5 Rxc4 39.Rxb3 Rd4 40.
Rb6+ Kg5 41.Rxb7 Rxd5 42.Rb1 Ra5 43.Ra1 Ra4 44.Kg1 h5 45.Kf2 Kf4 46.Ra2 h4
47.Ra1 Kf5 48.Ke3 Ke5 49.Ra2 Kd5 50.Kd3 Kc5 51.Kc3 Rc4+ 52.Kb3 Re4 53.Rc2+
Kb5 54.Rc3 Re2 55.a4+ Kb6 56.g3 hxg3 57.Rxg3 Re4 58.Rg6+ Ka5 59.Rg5+ Ka6 
60.Rh5 Re3+ 61.Kc4 Re4+ 62.Kd5 Rxa4 63.Re5 Kb6 64.Re4 Ra5+ 65.Ke6 Kc7 66.
h4 Kd8 67.Kf7 Rf5+ 68.Kg6 Rf1 69.Re5 Rg1+ 70.Rg5 Rf1 71.h5 Ke7 72.h6 Rf6+ 
73.Kh5 Rf7 74.Ra5 Kf6 75.Ra6+ Kf5 76.Rg6 Ke5 77.Kg5 Rf5+ 78.Kg4 Rf7 79.Ra6
Rf1 1/2-1/2

[Event "XXIII Festival A"]
[Site "Arco ITA"]
[Date "2001.10.25"]
[Round "6"]
[White "Ortega, Lexy"]
[Black "Schaefer, Michael"]
[Result "1-0"]
[WhiteElo "2494"]
[BlackElo "2234"]
[PlyCount "109"]
[EventDate "2001.10.20"]

1.d4 Nf6 2.Nf3 g6 3.c4 Bg7 4.g3 d5 5.cxd5 Nxd5 6.Bg2 Nb6 7.Nc3 Nc6 8.e3 
O-O 9.O-O Re8 10.h3 h6 11.Kh2 a5 12.Nd2 e5 13.d5 Nb4 14.e4 c6 15.Nb3 cxd5 
16.a3 Nc6 17.exd5 Nd4 18.Nxd4 exd4 19.Nb5 Bd7 20.Nxd4 Qf6 21.Be3 Nc4 22.
Qb3 Nxe3 23.fxe3 Qd6 24.a4 h5 25.h4 Be5 26.Ne2 Ra6 27.Rab1 Rb6 28.Qc2 Rb4 
29.Nf4 Bxa4 30.Qf2 Bb5 31.Rfd1 Rb3 32.Rd2 a4 33.Rbd1 Bg7 34.e4 Be5 35.Re1 
Qf6 36.Bf1 Bxb2 37.Bxb5 Rxb5 38.d6 Bc3 39.Qf1 Bxd2 40.Qxb5 Rd8 41.e5 Qf5 
42.Rf1 Bxf4 43.Rxf4 Qc2+ 44.Kh3 Qc8+ 45.Kh2 Qd7 46.Qxa4 Qxa4 47.Rxa4 Kf8 
48.Rb4 Rd7 49.Rb6 Ke8 50.Kg2 Kd8 51.Kf3 Kc8 52.Ke4 Kb8 53.Kd5 Ka7 54.Rb3 
Kb8 55.Rc3 1-0

[Event "XXIII Festival A"]
[Site "Arco ITA"]
[Date "2001.10.25"]
[Round "6"]
[White "Rigo, Janos"]
[Black "Rotstein, Arkadij"]
[Result "0-1"]
[WhiteElo "2338"]
[BlackElo "2500"]
[PlyCount "82"]
[EventDate "2001.10.20"]

1.e4 c5 2.Nf3 e6 3.d4 cxd4 4.Nxd4 a6 5.Nc3 b5 6.Bd3 Qb6 7.Be3 Bc5 8.Be2 
Nc6 9.Nxc6 dxc6 10.Qd6 Bxe3 11.fxe3 Ne7 12.Rd1 Ra7 13.Qd4 Qxd4 14.exd4 e5 
15.dxe5 Ng6 16.Rd6 Nxe5 17.O-O Ke7 18.Rd4 Rd7 19.Rfd1 Rxd4 20.Rxd4 Be6 21.
Kf2 g5 22.a3 h5 23.h3 h4 24.Nd1 Rh6 25.Ke3 Bc8 26.Nf2 Rd6 27.Rxd6 Kxd6 28.
b3 a5 29.Nd3 Nxd3 30.cxd3 b4 31.axb4 axb4 32.d4 f6 33.Bc4 c5 34.Kd3 Bb7 
35.Ke3 Bc6 36.Bg8 Bb5 37.Bf7 cxd4+ 38.Kxd4 Bf1 39.Bg6 Bxg2 40.Bf5 Bf1 41.
Bg4 Bb5 0-1

[Event "XXIII Festival A"]
[Site "Arco ITA"]
[Date "2001.10.25"]
[Round "6"]
[White "Scalcione, Michelangelo"]
[Black "Astengo, Marcello"]
[Result "1-0"]
[WhiteElo "2292"]
[BlackElo "2076"]
[PlyCount "99"]
[EventDate "2001.10.20"]

1.Nf3 Nf6 2.c4 e6 3.Nc3 d5 4.d4 c6 5.Bg5 Nbd7 6.e3 Qa5 7.Nd2 Bb4 8.Qc2 O-O
9.Be2 Re8 10.O-O dxc4 11.Bxf6 Nxf6 12.Nxc4 Qg5 13.f4 Qh6 14.Rf3 g6 15.a3 
Be7 16.Ne5 Rd8 17.b4 Bd7 18.Na4 Be8 19.Nc5 Rab8 20.g3 b6 21.Nb3 Rbc8 22.
Ba6 Rc7 23.e4 c5 24.dxc5 Ba4 25.c6 Bd6 26.Rd1 Nxe4 27.Qxe4 Bc5+ 28.Rd4 
Bxb3 29.bxc5 Bd5 30.cxb6 axb6 31.Qe2 Qg7 32.Rd1 Qf8 33.Rc3 Ra8 34.Nd7 Qg7 
35.Ne5 Qf8 36.Bb7 Rxa3 37.Rxa3 Qxa3 38.Qd2 Qc5+ 39.Qd4 Qc2 40.Qd2 Qc5+ 41.
Qf2 Qb4 42.Re1 Kg7 43.Nd3 Qc4 44.Qe3 Kg8 45.Rc1 Qa2 46.Qf2 Qa3 47.Qc2 b5 
48.Qc3 Qa2 49.Nf2 Qa4 50.Ra1 1-0

[Event "XXIII Festival A"]
[Site "Arco ITA"]
[Date "2001.10.25"]
[Round "6"]
[White "Slobodjan, Roman"]
[Black "Dittmar, Peter"]
[Result "1/2-1/2"]
[WhiteElo "2522"]
[BlackElo "2316"]
[PlyCount "59"]
[EventDate "2001.10.20"]

1.d4 d5 2.c4 e6 3.Nf3 Nf6 4.g3 dxc4 5.Bg2 Nc6 6.Qa4 Bb4+ 7.Bd2 Nd5 8.Qc2 
Nb6 9.Bc3 O-O 10.Nbd2 Qe7 11.a3 Bd6 12.e4 e5 13.d5 Nb8 14.Ba5 N8d7 15.O-O 
Nc5 16.Bxb6 axb6 17.Nxc4 Bd7 18.Nfd2 b5 19.Nxd6 cxd6 20.b4 Na4 21.Rfc1 
Rac8 22.Qb3 Qg5 23.Qd1 Nc3 24.Qe1 Rc7 25.Rxc3 Rxc3 26.Nf3 Rxf3 27.Bxf3 Rc8
28.Be2 Qd8 29.Rc1 Rxc1 30.Qxc1 1/2-1/2

[Event "XXIII Festival A"]
[Site "Arco ITA"]
[Date "2001.10.25"]
[Round "6"]
[White "Stantic, Severino"]
[Black "Ivanov, Mikhail M."]
[Result "0-1"]
[WhiteElo "2126"]
[BlackElo "2418"]
[PlyCount "38"]
[EventDate "2001.10.20"]

1.Nf3 g6 2.g3 Bg7 3.d4 d5 4.Bg2 Nf6 5.O-O O-O 6.c4 dxc4 7.Ne5 Ne8 8.Na3 c5
9.e3 cxd4 10.exd4 Nd6 11.Bd5 Nf5 12.Bxc4 Nxd4 13.Re1 Nbc6 14.Nxc6 Nxc6 15.
Bd5 Bf5 16.Nc4 Qd7 17.Bg5 h6 18.Be3 b5 19.Qf3 Rac8 0-1

[Event "XXIII Festival A"]
[Site "Arco ITA"]
[Date "2001.10.25"]
[Round "6"]
[White "Tocco, Paolo"]
[Black "Lettich, Sergio"]
[Result "1-0"]
[WhiteElo "2134"]
[BlackElo "2077"]
[PlyCount "61"]
[EventDate "2001.10.20"]

1.e4 c5 2.Nc3 Nc6 3.g3 d6 4.Bg2 Nf6 5.d3 e6 6.f4 Be7 7.Nf3 Qc7 8.O-O a6 9.
h3 O-O 10.g4 Rb8 11.g5 Nd7 12.Nh2 b5 13.Be3 b4 14.Ne2 f6 15.h4 Re8 16.Ng3 
Nf8 17.Qh5 g6 18.Qh6 Nd7 19.gxf6 Bxf6 20.h5 Bg7 21.Qg5 Nf8 22.hxg6 hxg6 
23.Rae1 Qe7 24.Qg4 Nd4 25.Rf2 e5 26.f5 gxf5 27.exf5 Nh7 28.Bd5+ Kf8 29.Nh5
Bb7 30.f6 Nxf6 31.Rxf6+ 1-0

[Event "XXIII Festival A"]
[Site "Arco ITA"]
[Date "2001.10.25"]
[Round "6"]
[White "Trauth, Michael"]
[Black "Balogh, Csaba"]
[Result "1/2-1/2"]
[WhiteElo "2195"]
[BlackElo "2367"]
[PlyCount "44"]
[EventDate "2001.10.20"]

1.Nf3 Nf6 2.c4 e6 3.g3 d5 4.Bg2 Be7 5.O-O O-O 6.b3 c5 7.e3 Nc6 8.Bb2 d4 9.
exd4 cxd4 10.Re1 Ne8 11.d3 f6 12.Na3 e5 13.Nc2 Nc7 14.a3 a5 15.Qd2 Na6 16.
b4 axb4 17.axb4 Ncxb4 18.Nfxd4 Rb8 19.Ba3 Nxc2 20.Bxe7 Qxe7 21.Nxc2 Qd6 
22.d4 exd4 1/2-1/2

[Event "XXIII Festival A"]
[Site "Arco ITA"]
[Date "2001.10.25"]
[Round "6"]
[White "Valenti, Giuseppe"]
[Black "Godena, Michele"]
[Result "0-1"]
[WhiteElo "2206"]
[BlackElo "2496"]
[PlyCount "94"]
[EventDate "2001.10.20"]

1.e4 d5 2.exd5 Qxd5 3.Nc3 Qa5 4.Nf3 Nf6 5.d4 c6 6.Bc4 Bf5 7.Ne5 e6 8.O-O 
Nbd7 9.Bf4 Be7 10.Re1 Rd8 11.a3 a6 12.Qe2 O-O 13.Rad1 Qb6 14.Bb3 Nxe5 15.
Qxe5 Nd5 16.Nxd5 cxd5 17.Rd2 Rc8 18.Qe2 Bf6 19.Qd1 h6 20.c3 Rfd8 21.h3 Qa7
22.Bc2 Bxc2 23.Rxc2 b5 24.Be5 Bxe5 25.Rxe5 a5 26.Qd3 b4 27.Ree2 bxc3 28.
bxc3 Rc4 29.f4 g6 30.Qe3 Rdc8 31.f5 exf5 32.Qxh6 Qd7 33.Qh4 Kg7 34.Re3 Qd6
35.Rf2 Rxc3 36.Re1 Rc1 37.Re2 Qxa3 38.Qf4 Rxe1+ 39.Rxe1 Qb4 40.Qe5+ Kg8 
41.Re3 Rd8 42.Rg3 Qd6 43.Qe1 Rc8 44.Re3 Qf4 45.Re8+ Rxe8 46.Qxe8+ Kg7 47.
Qa4 Qd2 0-1

[Event "XXIII Festival A"]
[Site "Arco ITA"]
[Date "2001.10.25"]
[Round "6"]
[White "Vismara, Daniele"]
[Black "Kragelj, Igor"]
[Result "1/2-1/2"]
[WhiteElo "2365"]
[BlackElo "2278"]
[PlyCount "88"]
[EventDate "2001.10.20"]

1.Nf3 Nf6 2.c4 c5 3.Nc3 Nc6 4.g3 d5 5.d4 e6 6.cxd5 Nxd5 7.Bg2 cxd4 8.Nxd4 
Nxc3 9.bxc3 Nxd4 10.Qxd4 Qxd4 11.cxd4 Bb4+ 12.Bd2 Bxd2+ 13.Kxd2 Ke7 14.
Rhc1 Rd8 15.Rc7+ Rd7 16.Rac1 Kd8 17.Rxd7+ Kxd7 18.f4 Rb8 19.g4 h6 20.g5 
hxg5 21.fxg5 b6 22.h4 g6 23.Bf3 Bb7 24.e4 Rh8 25.Rh1 Ba6 26.Ke3 Bc4 27.Kf4
Kd6 28.a3 b5 29.e5+ Ke7 30.h5 gxh5 31.Rxh5 Rxh5 32.Bxh5 a5 33.Ke3 Kf8 34.
Bd1 Kg7 35.Bc2 Bf1 36.Kd2 Bc4 37.Kc3 Bf1 38.Be4 Be2 39.Kd2 Bc4 40.Kc3 Be2 
41.Bc2 Bf1 42.Be4 Be2 43.Bc6 Kg6 44.Be8 Kg7 1/2-1/2

[Event "XXIII Festival A"]
[Site "Arco ITA"]
[Date "2001.10.25"]
[Round "6"]
[White "Zilahi, Gabor"]
[Black "Medancic, Rikard"]
[Result "0-1"]
[WhiteElo "2116"]
[BlackElo "2237"]
[PlyCount "68"]
[EventDate "2001.10.20"]

1.Nf3 c5 2.e4 e6 3.Nc3 a6 4.g3 d6 5.Bg2 e5 6.d3 Be7 7.b4 cxb4 8.Nd5 Nf6 9.
Nxe7 Qxe7 10.Nh4 Nc6 11.a3 Qc7 12.axb4 Nxb4 13.c4 O-O 14.O-O Bg4 15.Qd2 
Nc6 16.h3 Bd7 17.Ba3 Nd4 18.Rfb1 b5 19.Nf5 Bxf5 20.exf5 bxc4 21.dxc4 Rab8 
22.Bb4 Rb6 23.f4 Rfb8 24.fxe5 dxe5 25.c5 Rb5 26.Rxa6 h6 27.g4 Rxc5 28.Rb2 
Rc1+ 29.Kf2 Qc4 30.Ra3 Rc8 31.Re3 Qa6 32.Bc3 Qa1 33.Rb8 Rxc3 34.Qxc3 Qxc3 
0-1

[Event "XXIII Festival A"]
[Site "Arco ITA"]
[Date "2001.10.26"]
[Round "7"]
[White "Balogh, Csaba"]
[Black "Valenti, Giuseppe"]
[Result "1/2-1/2"]
[WhiteElo "2367"]
[BlackElo "2206"]
[PlyCount "100"]
[EventDate "2001.10.20"]

1.e4 c5 2.Nf3 Nc6 3.Bb5 e6 4.O-O Nge7 5.b3 Nd4 6.Nxd4 cxd4 7.Bb2 a6 8.Be2 
Nc6 9.d3 d5 10.Nd2 Bc5 11.Kh1 e5 12.exd5 Qxd5 13.Bf3 Qe6 14.Qe2 O-O 15.
Rae1 f6 16.a3 Bd7 17.Be4 Rae8 18.f4 Qe7 19.b4 Bd6 20.Qh5 g6 21.Qf3 Kg7 22.
f5 g5 23.Bd5 Kh8 24.Ne4 Bc7 25.Nc5 Rb8 26.Be6 Be8 27.h4 gxh4 28.Bc1 Nd8 
29.Bh6 Nxe6 30.fxe6 Bc6 31.Bxf8 Rxf8 32.Qf5 Bd8 33.Ne4 Rg8 34.Qxf6+ Qxf6 
35.Nxf6 Bxg2+ 36.Kh2 Rg6 37.Rf2 h3 38.Ne4 Bh4 39.Rf8+ Kg7 40.Rf7+ Kh6 41.
e7 Re6 42.Rf6+ Bxf6 43.Nxf6 Bc6 44.Rxe5 Rxf6 45.e8=Q Bxe8 46.Rxe8 Rf2+ 47.
Kxh3 Rxc2 48.Re4 Rc3 49.Rxd4 Rxa3 50.Kg4 Kg6 1/2-1/2

[Event "XXIII Festival A"]
[Site "Arco ITA"]
[Date "2001.10.26"]
[Round "7"]
[White "Belotti, Bruno"]
[Black "Ortega, Lexy"]
[Result "1/2-1/2"]
[WhiteElo "2403"]
[BlackElo "2494"]
[PlyCount "22"]
[EventDate "2001.10.20"]

1.Nf3 c5 2.b3 Nc6 3.Bb2 Nf6 4.e3 g6 5.c4 Bg7 6.Be2 O-O 7.O-O Re8 8.d4 cxd4
9.Nxd4 e5 10.Nb5 d5 11.N1c3 a6 1/2-1/2

[Event "XXIII Festival A"]
[Site "Arco ITA"]
[Date "2001.10.26"]
[Round "7"]
[White "Casagrande, Fabio"]
[Black "Ager, Josef"]
[Result "0-1"]
[WhiteElo "2054"]
[BlackElo "2239"]
[PlyCount "65"]
[EventDate "2001.10.20"]

1.e4 e5 2.Nf3 Nc6 3.d4 exd4 4.Nxd4 Bc5 5.Nxc6 Qf6 6.Qd2 dxc6 7.Nc3 Be6 8.
Na4 Bd6 9.f4 O-O-O 10.Qe3 Kb8 11.Bd3 Qh4+ 12.Qf2 Qxf2+ 13.Kxf2 f6 14.Be3 
b6 15.Nc3 Nh6 16.h3 Rhg8 17.Ne2 c5 18.b3 Bd7 19.Rhe1 Rde8 20.Nc3 g5 21.Nd5
gxf4 22.Bxf4 Bxf4 23.Nxf4 Rg5 24.Rad1 Bc6 25.Nd5 Rge5 26.Ba6 R5e6 27.c4 
Nf7 28.Kg1 Nd6 29.Rf1 Nxe4 30.Rf4 Bb7 31.Bxb7 Kxb7 32.Rdf1 Ng3 33.Nxf6 0-1

[Event "XXIII Festival A"]
[Site "Arco ITA"]
[Date "2001.10.26"]
[Round "7"]
[White "Dittmar, Peter"]
[Black "Rigo, Janos"]
[Result "1/2-1/2"]
[WhiteElo "2316"]
[BlackElo "2338"]
[PlyCount "60"]
[EventDate "2001.10.20"]

1.d4 f5 2.g3 Nf6 3.Bg2 g6 4.c3 Bg7 5.Qb3 d5 6.Nd2 c6 7.Nh3 Qb6 8.Nf3 Nbd7 
9.Nf4 Qxb3 10.axb3 Nf8 11.Nd3 Ne4 12.Bf4 Ne6 13.Be5 Bf6 14.b4 b6 15.Nd2 
Bb7 16.Nb3 O-O 17.O-O Nd6 18.Nd2 Ne4 19.Rfd1 h5 20.e3 Kf7 21.f3 Nd6 22.e4 
Rfe8 23.exd5 cxd5 24.Bxd6 exd6 25.f4 Nc7 26.Re1 a6 27.Nf3 Bc6 28.Ng5+ Kg7 
29.Rxe8 Rxe8 30.Re1 Rxe1+ 1/2-1/2

[Event "XXIII Festival A"]
[Site "Arco ITA"]
[Date "2001.10.26"]
[Round "7"]
[White "Drasko, Milan"]
[Black "Naumkin, Igor"]
[Result "1/2-1/2"]
[WhiteElo "2508"]
[BlackElo "2414"]
[PlyCount "24"]
[EventDate "2001.10.20"]

1.d4 Nf6 2.c4 e6 3.Nc3 Bb4 4.Qc2 O-O 5.a3 Bxc3+ 6.Qxc3 b6 7.Bg5 Bb7 8.f3 
h6 9.Bh4 d5 10.e3 Nbd7 11.cxd5 exd5 12.Bd3 Re8 1/2-1/2

[Event "XXIII Festival A"]
[Site "Arco ITA"]
[Date "2001.10.26"]
[Round "7"]
[White "Godena, Michele"]
[Black "Rotstein, Arkadij"]
[Result "1/2-1/2"]
[WhiteElo "2496"]
[BlackElo "2500"]
[PlyCount "32"]
[EventDate "2001.10.20"]

1.e4 c5 2.Nf3 e6 3.g3 b6 4.Bg2 Bb7 5.Qe2 d6 6.O-O Nf6 7.d3 Be7 8.Nbd2 O-O 
9.Re1 Nc6 10.c3 Qc7 11.a3 Ne5 12.Nxe5 dxe5 13.b4 Rfd8 14.Nc4 Ba6 15.Bf1 
Ne8 16.Rb1 Nd6 1/2-1/2

[Event "XXIII Festival A"]
[Site "Arco ITA"]
[Date "2001.10.26"]
[Round "7"]
[White "Isonzo, David"]
[Black "Trauth, Michael"]
[Result "1-0"]
[WhiteElo "2343"]
[BlackElo "2195"]
[PlyCount "98"]
[EventDate "2001.10.20"]

1.e4 c5 2.Nf3 Nc6 3.d4 cxd4 4.Nxd4 e5 5.Nb5 a6 6.Nd6+ Bxd6 7.Qxd6 Qf6 8.
Qd1 Qg6 9.Nc3 d5 10.Nxd5 Qxe4+ 11.Be3 Nd4 12.Nc7+ Ke7 13.Rc1 Bg4 14.Qd3 
Qxd3 15.Bxd3 Rd8 16.h3 Bh5 17.f4 exf4 18.Bxf4 Bg6 19.Bxg6 hxg6 20.c3 Nc6 
21.O-O Nf6 22.b4 Rh5 23.a4 g5 24.Bh2 g4 25.Rce1+ Kd7 26.b5 axb5 27.axb5 
Na5 28.hxg4 Nxg4 29.Rxf7+ Kc8 30.Bg3 Rdh8 31.Re8+ Rxe8 32.Nxe8 Rd5 33.Kf1 
Nc4 34.Rxg7 Nge3+ 35.Ke2 Nf5 36.Rc7+ Kd8 37.Bf4 Ne5 38.c4 Nxc4 39.Rxc4 
Kxe8 40.Rc8+ Kf7 41.Rc7+ Kg6 42.b6 Nd4+ 43.Ke3 Ne6 44.Rxb7 Rb5 45.Bd6 Rb3+
46.Ke4 Nd8 47.Rd7 Nf7 48.Bc7 Kf6 49.Kd5 Rb2 1-0

[Event "XXIII Festival A"]
[Site "Arco ITA"]
[Date "2001.10.26"]
[Round "7"]
[White "Ivanov, Mikhail M."]
[Black "Friedrich, Norbert"]
[Result "1-0"]
[WhiteElo "2418"]
[BlackElo "2277"]
[PlyCount "89"]
[EventDate "2001.10.20"]

1.d4 d5 2.c4 c6 3.Nf3 Nf6 4.Qb3 dxc4 5.Qxc4 Bf5 6.g3 e6 7.Bg2 Be7 8.O-O 
O-O 9.Nc3 Ne4 10.Qb3 Qb6 11.Ne5 Nf6 12.e4 Bg6 13.Qxb6 axb6 14.f4 Bb4 15.f5
exf5 16.exf5 Bh5 17.h3 Bxc3 18.bxc3 Be2 19.Re1 Ba6 20.Ba3 Re8 21.Bd6 Nbd7 
22.g4 Nxe5 23.dxe5 Nd5 24.Bxd5 cxd5 25.Rad1 Bc4 26.a3 Rac8 27.Bb4 Rc6 28.
Kf2 Bb3 29.Rd4 Rc4 30.e6 Rxd4 31.cxd4 Ba4 32.Kf3 g5 33.h4 h6 34.hxg5 hxg5 
35.Bd2 Bc2 36.Kg3 fxe6 37.Rxe6 Rxe6 38.fxe6 Kg7 39.Bxg5 Kh7 40.Kf4 Bd1 41.
Bd8 Be2 42.g5 Kg7 43.Bxb6 Bd3 44.a4 Kf8 45.Bc5+ 1-0

[Event "XXIII Festival A"]
[Site "Arco ITA"]
[Date "2001.10.26"]
[Round "7"]
[White "Kragelj, Igor"]
[Black "Lovati, Paolo"]
[Result "1-0"]
[WhiteElo "2278"]
[BlackElo "2052"]
[PlyCount "75"]
[EventDate "2001.10.20"]

1.d4 d6 2.c4 f5 3.Nf3 Nf6 4.g3 e6 5.Bg2 Be7 6.O-O O-O 7.b3 a5 8.Nc3 Qe8 9.
Bb2 Nc6 10.d5 exd5 11.cxd5 Ne5 12.Nd4 Bd7 13.e3 a4 14.Nxa4 Bxa4 15.bxa4 
Nc4 16.Bc3 Qd7 17.Qd3 Rxa4 18.Nxf5 Rfa8 19.Rfb1 Bd8 20.e4 b5 21.Nd4 Rxa2 
22.Rxa2 Rxa2 23.Rxb5 Nb6 24.Qb1 Ra8 25.h3 Qe8 26.Ne6 Qf7 27.Bd4 Nbd7 28.
Qb3 Ne8 29.Nxd8 Rxd8 30.f4 Ndf6 31.e5 Nh5 32.Kh2 Qg6 33.Bf2 dxe5 34.fxe5 
Kh8 35.Rb8 Rxb8 36.Qxb8 h6 37.d6 cxd6 38.Bc6 1-0

[Event "XXIII Festival A"]
[Site "Arco ITA"]
[Date "2001.10.26"]
[Round "7"]
[White "Linde, Wolfgang"]
[Black "Vismara, Daniele"]
[Result "0-1"]
[WhiteElo "2124"]
[BlackElo "2365"]
[PlyCount "80"]
[EventDate "2001.10.20"]

1.Nf3 d5 2.d4 c6 3.c4 Nf6 4.Qc2 dxc4 5.Qxc4 Bf5 6.Nc3 Nbd7 7.g3 e6 8.Bg2 
Be7 9.O-O O-O 10.Bg5 Rc8 11.Rac1 h6 12.Bxf6 Nxf6 13.Rfd1 Qa5 14.Qb3 Qb4 
15.Qxb4 Bxb4 16.Ne5 Rfd8 17.e3 g5 18.a3 Bf8 19.Na4 Nd7 20.Nxd7 Rxd7 21.Nc5
Rdc7 22.b4 Rd8 23.Be4 Bxc5 24.Bxf5 Bxb4 25.Bxe6 Bxa3 26.Ra1 Bb2 27.Ra2 
fxe6 28.Rxb2 e5 29.Rdb1 exd4 30.exd4 b6 31.Rb4 Rcd7 32.Ra4 b5 33.Ra6 Rxd4 
34.Rxc6 Rd1+ 35.Rxd1 Rxd1+ 36.Kg2 a5 37.Kf3 a4 38.Ke4 a3 39.Kf5 a2 40.Kg6 
Kf8 0-1

[Event "XXIII Festival A"]
[Site "Arco ITA"]
[Date "2001.10.26"]
[Round "7"]
[White "Luciani, Carlo"]
[Black "Diotallevi, Maurizio"]
[Result "1-0"]
[WhiteElo "2241"]
[BlackElo "2107"]
[PlyCount "115"]
[EventDate "2001.10.20"]

1.e4 e6 2.d4 d5 3.Nd2 c5 4.exd5 Qxd5 5.Ngf3 cxd4 6.Bc4 Qd6 7.O-O Nf6 8.Nb3
Nc6 9.Nbxd4 Nxd4 10.Nxd4 a6 11.c3 Qc7 12.Qe2 Bd6 13.h3 O-O 14.Bd3 Bh2+ 15.
Kh1 Bf4 16.Rd1 Bd7 17.Qf3 Bxc1 18.Raxc1 Rac8 19.c4 Bc6 20.Qe3 Qa5 21.a3 g6
22.Be2 Qc5 23.b4 Qe7 24.Qe5 Nd7 25.Nxc6 Rxc6 26.Qd4 Nb8 27.Bf3 Rc7 28.Qd6 
Rfc8 29.Qxe7 Rxe7 30.Rd6 Nc6 31.Bxc6 bxc6 32.c5 Kf8 33.Rcd1 Ke8 34.R1d4 
Rb7 35.Rh4 Ke7 36.Rxh7 a5 37.Rh4 axb4 38.axb4 Ra7 39.Rhd4 Rb7 40.g3 Rbc7 
41.h4 Ra8 42.Kg2 Ra3 43.f3 Rb3 44.g4 Ra3 45.Kg3 Rb3 46.Rf4 Ra3 47.h5 gxh5 
48.gxh5 Ra8 49.Kh4 Rh8 50.Rfd4 Kf6 51.Rg4 Rh7 52.Rd8 Kf5 53.Rb8 Rd7 54.b5 
Rd1 55.bxc6 Rh1+ 56.Kg3 R7xh5 57.Kf2 R5h2+ 58.Rg2 1-0

[Event "XXIII Festival A"]
[Site "Arco ITA"]
[Date "2001.10.26"]
[Round "7"]
[White "Medancic, Rikard"]
[Black "Wohl, Aleksandar H."]
[Result "0-1"]
[WhiteElo "2237"]
[BlackElo "2379"]
[PlyCount "66"]
[EventDate "2001.10.20"]

1.e4 Nf6 2.e5 Nd5 3.d4 d6 4.Nf3 g6 5.Bc4 Nb6 6.Bb3 Bg7 7.O-O dxe5 8.Nxe5 
O-O 9.Re1 N8d7 10.Qf3 Nxe5 11.dxe5 c5 12.Nd2 Qc7 13.Qe2 e6 14.c4 Nd7 15.
Nf3 b6 16.Bc2 Bb7 17.Be4 h6 18.h4 Rad8 19.Bxb7 Qxb7 20.Bf4 Nb8 21.Rad1 Nc6
22.Qe4 Qc7 23.b3 Rd7 24.Rxd7 Qxd7 25.h5 g5 26.Bxg5 hxg5 27.Nxg5 Rd8 28.
Qh7+ Kf8 29.Re3 Nxe5 30.h6 Qd1+ 31.Kh2 Ng4+ 32.Kh3 Nxh6 33.Rxe6 Qg4+ 0-1

[Event "XXIII Festival A"]
[Site "Arco ITA"]
[Date "2001.10.26"]
[Round "7"]
[White "Popa, Claudiu"]
[Black "Goldinger, Peter"]
[Result "0-1"]
[WhiteElo "2072"]
[BlackElo "2230"]
[PlyCount "48"]
[EventDate "2001.10.20"]

1.e4 d5 2.exd5 Qxd5 3.Nc3 Qa5 4.Nf3 Nf6 5.a3 c6 6.b4 Qc7 7.Bb2 Bf5 8.Be2 
Nbd7 9.d3 e6 10.Nh4 Bg6 11.g3 Be7 12.Bf3 O-O 13.Nxg6 hxg6 14.O-O a5 15.b5 
a4 16.Qe2 Ra5 17.bxc6 bxc6 18.Ne4 Rb5 19.Nxf6+ Nxf6 20.Bc3 Rfb8 21.Rfe1 
Rc8 22.Ra2 Qb6 23.Bxf6 Bxf6 24.Qe4 Re5 0-1